000 00773nam a22002177a 4500
005 20100802114458.0
010 _aENG-97275
020 _a9789380096711
_c750.00
035 _aEN-80808
037 _bDBAD/PUB
082 _a401
245 _aModern approaches to applied linguistics /
_cedited by M.S Bhatnagar [and] M.K Sharma
260 _aNew Delhi
_bAlfa Publications
_c2009
270 _a4398/5,Ansari road,Darya Ganj,
_bNew Delhi
_e110002
300 _avi,272p.
_c23 cm(Hb)
500 _aIncludes bibliographical references and index.
700 _aBhatnagar, M.S
_93949
700 _aSharma, M.K
_93968
942 _2ddc
_cEN
_h401
_mMOD
999 _c38565
_d38565